Library Banner

Hunter killer (Record no. 85186)

MARC details
000 -LEADER
fixed length control field 00496nam a2200181Ia 4500
001 - CONTROL NUMBER
control field 72206
008 - FIXED-LENGTH DATA ELEMENTS--GENERAL INFORMATION
fixed length control field 160401s9999 xx 000 0 und d
020 ## - INTERNATIONAL STANDARD BOOK NUMBER
International Standard Book Number 9781760292263
040 ## - CATALOGING SOURCE
Transcribing agency PK-LaUMT
082 ## - DEWEY DECIMAL CLASSIFICATION NUMBER
Classification number 956.7044348
Item number MCC-H
100 ## - MAIN ENTRY--PERSONAL NAME
Personal name McCurley, T. Mark
245 ## - TITLE STATEMENT
Title Hunter killer
Remainder of title inside the lethal world of drone warfare
Statement of responsibility, etc McCurley, T. Mark|Maurer, Kevin
260 ## - PUBLICATION, DISTRIBUTION, ETC. (IMPRINT)
Place of publication, distribution, etc UK,London:
Name of publisher, distributor, etc Allen & Unwin,
Date of publication, distribution, etc 2015
300 ## - PHYSICAL DESCRIPTION
Extent 345 p.
546 ## - LANGUAGE NOTE
Language note EN
700 ## - ADDED ENTRY--PERSONAL NAME
Personal name Maurer, Kevin
942 ## - ADDED ENTRY ELEMENTS (KOHA)
Koha item type Books
Holdings
Withdrawn status Lost status Damaged status Not for loan Home library Current library Date acquired Total Checkouts Full call number Barcode Date last seen Date checked out Price effective from Koha item type
        UMT Main Campus UMT Main Campus 2016-04-01 5 956.7044348 MCC-H 98688 2025-12-13 2025-11-29 2016-04-01 Books